[Event "Sterkrade 2- Kupferdreh"]
[Site "?"]
[Date "2023.05.14"]
[Round "9.3"]
[White "Praemaßing, Reiner"]
[Black "Labuda, Markus"]
[Result "1-0"]
[WhiteElo "1851"]
[BlackElo "1928"]
[PlyCount "43"]
[SourceDate "2022.10.02"]

1. e4 e6 2. c4 d5 3. cxd5 exd5 4. exd5 Nf6 5. Bb5+ Nbd7 6. Nc3 a6 7. Bc4 Ne5 8.
d3 Qe7 9. Nge2 b5 10. Bb3 Bf5 11. O-O Qd7 12. Ng3 Bd6 13. Nxf5 Qxf5 14. Ne4
O-O-O 15. Qc2 Rhe8 16. f3 Qh5 17. Bf4 Qf5 18. Bg3 Nh5 19. d4 Nxg3 20. hxg3 Nc4
21. Bxc4 bxc4 22. Nxd6+ 1-0

[Event "Sterkrade 2- Kupferdreh"]
[Site "?"]
[Date "2023.05.14"]
[Round "9.4"]
[White "Altenburg, Frank"]
[Black "Unteregge, Michael"]
[Result "0-1"]
[WhiteElo "1834"]
[BlackElo "2027"]
[PlyCount "56"]
[SourceDate "2022.10.02"]

1. d4 Nf6 2. Nf3 e6 3. e3 b6 4. Bd3 Bb7 5. O-O Be7 6. Nbd2 d5 7. b3 O-O 8. Bb2
c5 9. Qe2 Nc6 10. a3 Rc8 11. Ne5 Qc7 12. f4 Nxe5 13. fxe5 Ne4 14. Rf4 Nxd2 15.
Qxd2 c4 16. Bxh7+ Kxh7 17. Raf1 f5 18. Qe2 g6 19. R4f3 cxb3 20. Rh3+ Kg7 21.
Rc1 bxc2 22. g4 Qc4 23. Qg2 Qb3 24. gxf5 Rxf5 25. Rg3 g5 26. Rf1 Qxb2 27. Rxf5
c1=Q+ 28. Rf1 Qxg2+ 0-1

[Event "Sterkrade 2- Kupferdreh"]
[Site "?"]
[Date "2023.05.14"]
[Round "9.5"]
[White "Zagrabski, Kevin"]
[Black "Matthies, Jochen"]
[Result "1-0"]
[WhiteElo "1835"]
[BlackElo "1786"]
[PlyCount "65"]
[SourceDate "2022.10.02"]

1. d4 d5 2. Nf3 Nf6 3. Bf4 e6 4. e3 Bd6 5. Bg3 O-O 6. Bd3 Qe7 7. Ne5 c5 8. c3
Nbd7 9. Nd2 a6 10. a4 Re8 11. O-O Nf8 12. f4 c4 13. Bc2 Bd7 14. e4 Bxe5 15.
fxe5 Nxe4 16. Bxe4 dxe4 17. Nxc4 Ng6 18. Nd6 Rf8 19. Nxe4 Bc6 20. Nd6 Qg5 21.
Qe2 h5 22. Ne4 Bxe4 23. Qxe4 Rab8 24. Be1 Qd8 25. c4 Qb6 26. Bc3 Ne7 27. a5 Qb3
28. Qe2 Rbc8 29. Qxh5 Qxc4 30. Rf3 Ng6 31. Rh3 Rfd8 32. Rf1 Kf8 33. Rhf3 1-0

[Event "Sterkrade 2- Kupferdreh"]
[Site "?"]
[Date "2023.05.14"]
[Round "9.6"]
[White "Hibbeln, Christian"]
[Black "Leonov, Artem"]
[Result "1/2-1/2"]
[WhiteElo "1836"]
[BlackElo "1686"]
[PlyCount "88"]
[SourceDate "2022.10.02"]

1. d4 g6 2. Bg5 Bg7 3. e4 c5 4. c3 Qb6 5. Ne2 Qxb2 6. Nd2 cxd4 7. Rb1 Qxa2 8.
Nxd4 Nc6 9. Nb5 Qa5 10. Ra1 Qd8 11. Nd6+ Kf8 12. Qb3 Ne5 13. f4 f6 14. Nxc8
Qxc8 15. fxe5 fxg5 16. Ba6 Bxe5 17. Bxb7 Qxc3 18. Qxc3 Bxc3 19. Bxa8 Bxa1 20.
O-O+ Bf6 21. e5 Kg7 22. Nc4 Nh6 23. Bd5 Rf8 24. Re1 e6 25. exf6+ Rxf6 26. Bb7
Nf7 27. Ra1 d5 28. Nd2 Nd6 29. Rxa7 Rf7 30. Ra6 Nxb7 31. Rxe6 Rd7 32. Nf3 Nc5
33. Rc6 Ne4 34. Kf1 d4 35. Rc4 Kf6 36. Rxd4 Rxd4 37. Nxd4 h5 38. Ke2 g4 39. Ke3
Nd6 40. Ne2 Nf5+ 41. Ke4 Nh4 42. Nf4 Nf5 43. Nd5+ Ke6 44. Nc7+ Kf6 1/2-1/2

[Event "Sterkrade 2- Kupferdreh"]
[Site "?"]
[Date "2023.05.14"]
[Round "9.7"]
[White "Bendel, Ruediger"]
[Black "Kaufung, Christian"]
[Result "1-0"]
[WhiteElo "1885"]
[BlackElo "1660"]
[PlyCount "115"]
[SourceDate "2022.10.02"]

1. e4 e5 2. Bc4 Nf6 3. d4 Nc6 4. d5 Nb8 5. Nc3 d6 6. f3 Be7 7. Be3 Nbd7 8. a4
h6 9. g4 Nh7 10. Nge2 Bg5 11. Qd2 Bxe3 12. Qxe3 Qg5 13. Qf2 Nhf8 14. Nb5 Qd8
15. b4 a6 16. Nbc3 Ng6 17. Bb3 Qf6 18. h4 Nf4 19. Ng3 Nf8 20. a5 Bd7 21. Ba4
Bxa4 22. Nxa4 N8g6 23. Nf5 Ne7 24. Ne3 g6 25. Ra3 c6 26. Nb6 Rb8 27. Qd2 g5 28.
h5 cxd5 29. exd5 Nc8 30. Nec4 Na7 31. Re3 Rd8 32. Na4 O-O 33. Nc3 Nb5 34. Ne4
Qe7 35. Ng3 Qc7 36. Nb6 Rc8 37. c4 Nd4 38. Rc3 Rce8 39. c5 dxc5 40. O-O Nb5 41.
Rxc5 Qd8 42. Nf5 Nd4 43. Rc8 Nde2+ 44. Kh2 Qxc8 45. Nxc8 Rxc8 46. Ne7+ Kg7 47.
Nxc8 Rxc8 48. Rf2 Nd4 49. Qe3 f6 50. Qe4 Rd8 51. d6 Rxd6 52. Qxb7+ Kf8 53. Qh7
Nxf3+ 54. Rxf3 Rd2+ 55. Kg1 Rd1+ 56. Kf2 Rd2+ 57. Ke1 Rd4 58. Rc3 1-0

[Event "Sterkrade 2- Kupferdreh"]
[Site "?"]
[Date "2023.05.14"]
[Round "9.8"]
[White "Ratzkowski, Dirk"]
[Black "Wuthcke, Dieter"]
[Result "1/2-1/2"]
[WhiteElo "1664"]
[BlackElo "1799"]
[PlyCount "80"]
[SourceDate "2022.10.02"]

1. d4 Nf6 2. Nf3 g6 3. Bf4 d6 4. e3 Bg7 5. Bd3 Nbd7 6. Nbd2 c5 7. c3 cxd4 8.
cxd4 O-O 9. O-O Re8 10. Nc4 b5 11. Ncd2 Qb6 12. Rc1 e5 13. dxe5 dxe5 14. Bg5 e4
15. Nxe4 Nxe4 16. Bxe4 Rxe4 17. Qd5 Qb7 18. Rxc8+ Qxc8 19. Qxe4 Bxb2 20. Qb4
Bg7 21. Qxb5 Rb8 22. Qa4 Rb7 23. Rd1 Nf6 24. Qa6 Nd7 25. Qd6 h6 26. Bf4 Qc2 27.
Qd2 Qa4 28. h4 Nf6 29. Rc1 Rd7 30. Qc2 Qa3 31. Ne5 Re7 32. Rd1 Nh5 33. Nc6 Rb7
34. Rb1 Rd7 35. Nd4 Qa6 36. Ne2 Kh7 37. Rc1 Rb7 38. Qc6 Rb6 39. Qc4 Qb7 40. Nd4
Nxf4 1/2-1/2

[Event "SF Werden 2 - SV Rochade Eving"]
[Site "?"]
[Date "2023.05.14"]
[Round "9"]
[White "Sprungala, Erik"]
[Black "Gockel, Mirco"]
[Result "1-0"]
[WhiteElo "1914"]
[BlackElo "1952"]
[PlyCount "87"]
[EventDate "2023.??.??"]
[SourceDate "2022.10.02"]

1. d4 Nf6 2. c4 e6 3. Nf3 c5 4. d5 b5 5. dxe6 fxe6 6. cxb5 d5 7. e3 Bd6 8. Nc3
O-O 9. g3 Bb7 10. Bg2 Qe7 11. O-O Nbd7 12. b3 e5 13. Nh4 Qe6 14. f4 e4 15. Ne2
a6 16. bxa6 Bxa6 17. Bb2 Rfd8 18. Qd2 Be7 19. Rfd1 Nb6 20. f5 Qd6 21. Nf4 Ng4
22. Bh3 Ne5 23. Kh1 Bxh4 24. gxh4 Nf3 25. Qg2 d4 26. Ne6 Qe7 27. exd4 cxd4 28.
Nxd4 Bb7 29. Ne6 Rxd1+ 30. Rxd1 Nxh4 31. f6 Qxf6 32. Bxf6 Nxg2 33. Bd8 Ne3 34.
Rg1 Nf5 35. Bxb6 e3+ 36. Bg2 Bxg2+ 37. Rxg2 Re8 38. Nf4 Nh4 39. Re2 Rf8 40.
Bxe3 g5 41. Nh3 Rf1+ 42. Ng1 g4 43. Bf2 Nf3 44. Kg2 1-0

[Event "SF Werden 2 - SV Rochade Eving"]
[Site "?"]
[Date "2023.05.14"]
[Round "9"]
[White "Zaschke, Benjamin"]
[Black "Pahne, Dirk"]
[Result "1/2-1/2"]
[WhiteElo "1963"]
[BlackElo "1907"]
[PlyCount "33"]
[EventDate "2023.??.??"]
[SourceDate "2022.10.02"]

1. Nf3 g6 2. d4 d5 3. e3 Bg7 4. b3 Nf6 5. Bb2 O-O 6. Bd3 Bg4 7. Nbd2 Nbd7 8. h3
Bxf3 9. Nxf3 c5 10. O-O Re8 11. c4 cxd4 12. exd4 e6 13. Re1 b6 14. Rc1 Rc8 15.
Qd2 dxc4 16. bxc4 Nb8 17. Bf1 1/2-1/2

[Event "SF Werden 2 - SV Rochade Eving"]
[Site "?"]
[Date "2023.05.14"]
[Round "9"]
[White "Krams, Amatus"]
[Black "Diesing, Christian"]
[Result "0-1"]
[WhiteElo "1733"]
[BlackElo "1912"]
[PlyCount "66"]
[EventDate "2023.??.??"]
[SourceDate "2022.10.02"]

1. e4 e6 2. d4 d5 3. Nd2 Nf6 4. e5 Nfd7 5. f4 c5 6. c3 Nc6 7. Ndf3 f6 8. g3
cxd4 9. cxd4 Bb4+ 10. Kf2 O-O 11. Kg2 Qe7 12. h4 a6 13. Bd3 b5 14. Bxh7+ Kxh7
15. Ng5+ fxg5 16. hxg5+ Kg8 17. g6 Rf5 18. g4 Rxe5 19. fxe5 Ncxe5 20. dxe5 Nxe5
21. Rh5 Nxg6 22. Qd3 Qf6 23. Nf3 Bb7 24. g5 Qf7 25. Kg3 Rf8 26. Bd2 Bxd2 27.
Rah1 Qf4+ 28. Kf2 d4 29. R1h3 Be3+ 30. Ke1 Bxf3 31. Rxf3 Qxf3 32. Qxg6 Qf2+ 33.
Kd1 Qd2# 0-1

[Event "SF Werden 2 - SV Rochade Eving"]
[Site "?"]
[Date "2023.05.14"]
[Round "9"]
[White "Bury, Tobias"]
[Black "Nathe, Nico"]
[Result "1-0"]
[WhiteElo "1886"]
[BlackElo "1668"]
[PlyCount "71"]
[EventDate "2023.??.??"]
[SourceDate "2022.10.02"]

1. e4 c5 2. Nf3 Nc6 3. d4 cxd4 4. Nxd4 g6 5. c4 Bg7 6. Be3 Nf6 7. Nc3 O-O 8.
Be2 b6 9. Qd2 Bb7 10. f3 Rc8 11. Rc1 Ne5 12. b3 d6 13. O-O Re8 14. Rfd1 Qc7 15.
Ndb5 Qb8 16. Nd5 Rcd8 17. Nbc7 Nxd5 18. cxd5 Rf8 19. Na6 Qa8 20. Nc7 Qb8 21.
Na6 Qa8 22. b4 Rc8 23. Nc7 Qb8 24. Nb5 Rxc1 25. Rxc1 a6 26. Nd4 Re8 27. f4 Nd7
28. Nc6 Qa8 29. Bd4 e5 30. dxe6 Rxe6 31. Bxg7 Kxg7 32. Qc3+ Kg8 33. Bg4 Rxe4
34. Bxd7 b5 35. Qd3 Rxf4 36. Qxd6 1-0

[Event "VKl R9: D1-BoGeWe1"]
[Site "?"]
[Date "2023.05.14"]
[Round "9.2"]
[White "Dechering, Dirk"]
[Black "Brüggestraß, Volker"]
[Result "1-0"]
[WhiteElo "1863"]
[BlackElo "2021"]
[PlyCount "35"]
[EventDate "2023.05.16"]
[SourceDate "2022.10.02"]

1. d4 Nf6 2. Bf4 g6 3. e3 Bg7 4. Nf3 d6 5. Bc4 O-O 6. Nc3 Nfd7 7. h4 h5 8. Ng5
e5 9. dxe5 dxe5 10. Bg3 Nc6 11. Qd3 Ne7 12. O-O-O Qe8 13. Nb5 Nc5 14. Qe2 Qc6
15. Qf3 e4 16. Qxf7+ Rxf7 17. Bxf7+ Kh8 18. Rd8+ 1-0

[Event "VKl R9: D1-BoGeWe1"]
[Site "?"]
[Date "2023.05.14"]
[Round "9.5"]
[White "Kalle, Yannis"]
[Black "Bialas, Jan-Philip"]
[Result "1-0"]
[WhiteElo "1787"]
[BlackElo "1677"]
[PlyCount "74"]
[EventDate "2023.05.16"]
[SourceDate "2022.10.02"]

1. e4 c5 2. Nf3 Nc6 3. d4 cxd4 4. Nxd4 g6 5. Be3 Bg7 6. Nc3 Nf6 7. Be2 O-O 8.
Qd2 d6 9. O-O-O Ng4 10. Bxg4 Bxg4 11. f3 Nxd4 12. Bxd4 Be6 13. h4 Qa5 14. h5
Bxd4 15. Qxd4 Qg5+ 16. Kb1 a6 17. g4 Rac8 18. Ne2 Rc4 19. Qf2 Rfc8 20. Nd4 Qc5
21. hxg6 fxg6 22. Qh2 Rxd4 23. Qxh7+ Kf8 24. Qh8+ Bg8 25. Qxd4 Qxc2+ 26. Ka1
Rc5 27. Qd2 Qxd2 28. Rxd2 Kg7 29. Kb1 Be6 30. Rc2 Rc6 31. Rxc6 bxc6 32. Rc1 c5
33. b3 Kf6 34. Kc2 Ke5 35. Kd3 Kf4 36. Ke2 Bxg4 37. fxg4 e5 1-0

[Event "VKl R9: D1-BoGeWe1"]
[Site "?"]
[Date "2023.05.14"]
[Round "9.3"]
[White "Hoffmann, Bernd"]
[Black "Becker, Peter"]
[Result "1-0"]
[WhiteElo "1952"]
[BlackElo "1800"]
[PlyCount "99"]
[EventDate "2023.05.16"]
[SourceDate "2022.10.02"]

1. d4 Nf6 2. c4 e6 3. Nc3 Bb4 4. e3 O-O 5. Nge2 d5 6. a3 Be7 7. Nf4 c6 8. cxd5
exd5 9. Bd3 Re8 10. O-O Nbd7 11. Re1 Nf8 12. b4 Ne6 13. Nh5 g6 14. Nxf6+ Bxf6
15. Bb2 Bg7 16. Bf1 Ng5 17. Rc1 Bf5 18. f3 h5 19. Qd2 Bh6 20. Qf2 Nh7 21. Rcd1
g5 22. e4 Be6 23. e5 g4 24. f4 Kh8 25. f5 Bd7 26. Bc1 Bxc1 27. Rxc1 Qg5 28. Bd3
Rg8 29. e6 fxe6 30. fxe6 Bxe6 31. Qc2 Nf8 32. Re5 Qh6 33. Rce1 Re8 34. Qf2 Nh7
35. Qh4 Bf7 36. Bxh7 Rxe5 37. dxe5 Kxh7 38. e6 Be8 39. Qg3 h4 40. Qf2 g3 41.
hxg3 hxg3 42. Qf5+ Bg6 43. Qh3 Bh5 44. e7 Re8 45. Qxg3 Bg6 46. Qe5 Qh4 47. Re3
Bh5 48. Rh3 Rxe7 49. Qf5+ Bg6 50. Rxh4+ 1-0

[Event "VKl R9: D1-BoGeWe1"]
[Site "?"]
[Date "2023.05.14"]
[Round "9.8"]
[White "Schneider, Timo"]
[Black "Al Zoubi, Ahmad"]
[Result "0-1"]
[WhiteElo "1495"]
[BlackElo "1600"]
[PlyCount "46"]
[EventDate "2023.05.16"]
[SourceDate "2022.10.02"]

1. c4 Nf6 2. Nc3 g6 3. g3 Bg7 4. Bg2 O-O 5. d4 d6 6. e4 Nbd7 7. Nf3 c5 8. d5
Ng4 9. Qc2 Nde5 10. Nxe5 Nxe5 11. b3 f5 12. O-O fxe4 13. Bxe4 Nf3+ 14. Bxf3
Rxf3 15. Be3 Bh3 16. Rfe1 Qd7 17. Rac1 Raf8 18. Ne4 h6 19. Qd2 g5 20. a3 Qg4
21. Bxg5 Bd4 22. Bxh6 Bxf2+ 23. Nxf2 Rxg3+ 0-1

[Event "VKl R9: D1-BoGeWe1"]
[Site "?"]
[Date "2023.05.14"]
[Round "9.6"]
[White "Heiduk, Christopher"]
[Black "Boost, Jürgen"]
[Result "0-1"]
[WhiteElo "1584"]
[BlackElo "1827"]
[PlyCount "76"]
[EventDate "2023.05.16"]
[SourceDate "2022.10.02"]

1. e4 e5 2. Nf3 Nc6 3. Bc4 Bc5 4. b4 Bxb4 5. c3 Ba5 6. d4 Qf6 7. O-O Bb6 8.
dxe5 Nxe5 9. Nxe5 Qxe5 10. Qb3 Qh5 11. Re1 Ne7 12. Ba3 c5 13. e5 O-O 14. Nd2
Nc6 15. Nf3 Na5 16. Qb5 Nxc4 17. Qxc4 Qg6 18. Rad1 Qe6 19. Qe2 f6 20. Nd4 cxd4
21. Bxf8 Kxf8 22. cxd4 Ba5 23. Rf1 fxe5 24. dxe5 d5 25. Qf3+ Kg8 26. Rxd5 Bb6
27. Rfd1 Qe7 28. a4 Be6 29. Rd6 Rf8 30. Qd3 Bxf2+ 31. Kh1 Bb6 32. Rf1 Rxf1+ 33.
Qxf1 Bc7 34. Rd1 Bb3 35. Rb1 Qxe5 36. Kg1 Qxh2+ 37. Kf2 Qf4+ 38. Kg1 Bb6+ 0-1

[Event "VKl R9: D1-BoGeWe1"]
[Site "?"]
[Date "2023.05.14"]
[Round "9.4"]
[White "Madalinski, Jaroslaw"]
[Black "Löffelbein, Klaus"]
[Result "1/2-1/2"]
[WhiteElo "1774"]
[BlackElo "1800"]
[PlyCount "53"]
[EventDate "2023.05.16"]
[SourceDate "2022.10.02"]

1. c4 c5 2. Nc3 Nf6 3. Nf3 d5 4. cxd5 Nxd5 5. Qb3 Nb6 6. Qb5+ N8d7 7. d3 e6 8.
Bf4 Be7 9. e4 O-O 10. Be2 Nf6 11. O-O Nbd7 12. Rfd1 a6 13. Qb3 b5 14. e5 Nh5
15. Be3 g6 16. d4 c4 17. Qc2 Nb6 18. d5 Nxd5 19. Bh6 Ng7 20. b3 Bb7 21. bxc4
bxc4 22. Bxc4 Rc8 23. Bxd5 Bxd5 24. Qb2 Rb8 25. Qe2 Qa5 26. Nxd5 exd5 27. Nd4
1/2-1/2

[Event "VKl R9: D1-BoGeWe1"]
[Site "?"]
[Date "2023.05.14"]
[Round "9.1"]
[White "Quast, Marcel"]
[Black "Buchholz, Peter"]
[Result "1-0"]
[WhiteElo "2226"]
[BlackElo "2034"]
[PlyCount "67"]
[EventDate "2023.05.16"]
[SourceDate "2022.10.02"]

1. e4 d6 2. d4 Nf6 3. Nc3 e5 4. Nf3 Nbd7 5. h3 Be7 6. Be3 c6 7. a4 O-O 8. a5
Qe8 9. a6 b5 10. d5 b4 11. Na2 c5 12. Nd2 Rb8 13. c3 bxc3 14. Nxc3 Qd8 15. Nb5
Qb6 16. Qa4 Ne8 17. Qa5 Ra8 18. Qxb6 Nxb6 19. b4 Bd7 20. Nxd6 cxb4 21. Nb5 Bxb5
22. Bxb5 Nd6 23. Bc6 Rab8 24. Ke2 f6 25. Rhb1 Nbc8 26. Ra5 Kf7 27. Bc5 Ne8 28.
Bb7 Bxc5 29. Rxc5 Ned6 30. Rc7+ Kg6 31. Rxb4 Rf7 32. Rxf7 Kxf7 33. Nb3 Nb6 34.
Rxb6 1-0

[Event "VKl R9: D1-BoGeWe1"]
[Site "?"]
[Date "2023.05.14"]
[Round "9.7"]
[White "Meise, Ulrich"]
[Black "Aust, Karlheinz"]
[Result "1-0"]
[WhiteElo "1757"]
[BlackElo "1436"]
[PlyCount "99"]
[EventDate "2023.05.16"]
[SourceDate "2022.10.02"]

1. e4 e5 2. Nc3 Nf6 3. f4 d6 4. fxe5 dxe5 5. Bc4 c6 6. d3 Bc5 7. Nf3 O-O 8. Bg5
Bg4 9. h3 Be6 10. Bxe6 fxe6 11. Na4 Bd6 12. O-O b5 13. Nc3 Nbd7 14. Kh1 a5 15.
d4 Rb8 16. d5 exd5 17. exd5 c5 18. Re1 Qc7 19. Ne4 Rbe8 20. Nh2 Nxe4 21. Rxe4
Nf6 22. Bxf6 Rxf6 23. Qh5 Qf7 24. Qd1 Rf8 25. Nf3 Rf5 26. b3 Qf6 27. Qd3 Rf4
28. Rae1 Rxe4 29. Rxe4 Rb8 30. Rg4 Rf8 31. Qe4 Qf5 32. Qxf5 Rxf5 33. Re4 Kf7
34. Kg1 Kf6 35. Kf2 g5 36. Ke2 h5 37. Kd3 b4 38. Nd2 Rf4 39. Nc4 Rxe4 40. Kxe4
Bc7 41. g4 hxg4 42. hxg4 Bb8 43. Nxa5 Bc7 44. Nc4 Bb8 45. Nd2 Bc7 46. Kd3 Bb6
47. Ne4+ Kg6 48. Kc4 Ba7 49. d6 Bb8 50. Kd5 1-0